000 00506nam a2200193Ia 4500
005 20250508151351.0
008 008 250505s9999 xx 000 0 eng d
037 _aTextual
040 _aFEDL
_beng
_cFEDL
041 _aeng
_2eng
084 _a428.3, SHE
_qFEDL
100 _aSheard J A
245 0 _aWords we use
260 _aLondon, UK
_bAndre Deutsch Limited
_c1954
300 _a344p
490 _aThe language library
942 _cTEXL
_h428.3, SHE
999 _c1329303
_d1329303